Stars in their eyes (Celebrities) #2 - Statistics

General Stats
  • This quiz has been taken 103 times
    88 since last reset
  • The average score is 6 of 15
Answer Stats
Picture Answer % Correct
Tom Cruise
89%
Daniel Radcliffe
86%
Zac Efron
79%
Jim Carrey
62%
Halle Berry
60%
Denzel Washington
51%
Brad Pitt
43%
Sandra Bullock
43%
Idris Elba
32%
Gal Gadot
28%
Cuba Gooding Jr.
21%
Monica Bellucci
11%
Charlize Theron
10%
Damian Lewis
10%
Jamie Dorrnan
7%
No matching quizzes found
Score Distribution
Percent of People with Each Score
Percentile by Number Answered
Your Score History
You have not taken this quiz since the last reset